History and Philosophy of Computing Third International Conference, HaPoC 2015, Pisa, Italy, October 8-11, 2015, Revised Selected Papers /

This volume constitutes the refereed post-conference proceedings of the Third International Conference on the History and Philosophy of Computing, held in Pisa, Italy in October 2015. The 18 full papers included in this volume were carefully reviewed and selected from the 30 papers presented at the...

Full description

Bibliographic Details
Corporate Author: SpringerLink (Online service)
Other Authors: Gadducci, Fabio (Editor), Tavosanis, Mirko (Editor)
Format: Electronic eBook
Language:English
Published: Cham : Springer International Publishing : Imprint: Springer, 2016.
Series:IFIP Advances in Information and Communication Technology, 487
Subjects:
Online Access:Full Text via HEAL-Link
LEADER 02433nam a22005295i 4500
001 978-3-319-47286-7
003 DE-He213
005 20161017141203.0
007 cr nn 008mamaa
008 161005s2016 gw | s |||| 0|eng d
020 |a 9783319472867  |9 978-3-319-47286-7 
024 7 |a 10.1007/978-3-319-47286-7  |2 doi 
040 |d GrThAP 
050 4 |a QA76.17 
072 7 |a U  |2 bicssc 
072 7 |a TBX  |2 bicssc 
072 7 |a COM080000  |2 bisacsh 
082 0 4 |a 004.09  |2 23 
245 1 0 |a History and Philosophy of Computing  |h [electronic resource] :  |b Third International Conference, HaPoC 2015, Pisa, Italy, October 8-11, 2015, Revised Selected Papers /  |c edited by Fabio Gadducci, Mirko Tavosanis. 
264 1 |a Cham :  |b Springer International Publishing :  |b Imprint: Springer,  |c 2016. 
300 |a XVIII, 321 p. 39 illus.  |b online resource. 
336 |a text  |b txt  |2 rdacontent 
337 |a computer  |b c  |2 rdamedia 
338 |a online resource  |b cr  |2 rdacarrier 
347 |a text file  |b PDF  |2 rda 
490 1 |a IFIP Advances in Information and Communication Technology,  |x 1868-4238 ;  |v 487 
520 |a This volume constitutes the refereed post-conference proceedings of the Third International Conference on the History and Philosophy of Computing, held in Pisa, Italy in October 2015. The 18 full papers included in this volume were carefully reviewed and selected from the 30 papers presented at the conference. They cover topics ranging from the world history of computing to the role of computing in the humanities and the arts. . 
650 0 |a Computer science. 
650 0 |a Computer hardware. 
650 0 |a Software engineering. 
650 0 |a Computers. 
650 0 |a Artificial intelligence. 
650 1 4 |a Computer Science. 
650 2 4 |a History of Computing. 
650 2 4 |a Theory of Computation. 
650 2 4 |a Artificial Intelligence (incl. Robotics). 
650 2 4 |a Software Engineering/Programming and Operating Systems. 
650 2 4 |a Computer Hardware. 
700 1 |a Gadducci, Fabio.  |e editor. 
700 1 |a Tavosanis, Mirko.  |e editor. 
710 2 |a SpringerLink (Online service) 
773 0 |t Springer eBooks 
776 0 8 |i Printed edition:  |z 9783319472850 
830 0 |a IFIP Advances in Information and Communication Technology,  |x 1868-4238 ;  |v 487 
856 4 0 |u http://dx.doi.org/10.1007/978-3-319-47286-7  |z Full Text via HEAL-Link 
912 |a ZDB-2-SCS 
950 |a Computer Science (Springer-11645)